000
00214 a2200097 4500
001
29808
100
_a
AMC
245
_a
Ballistics Sories Interilr Ballastics of GUMS
260
_a
_b
AMC
_c
090
_c
19824
_d
19824
942
_a
NUST-CAE
_c
M
_c
10918
999
_c
264881
_d
264881